Cities Served by VIA Rail Canada - Sudden Death - Statistics

General Stats
  • This quiz has been taken 137 times
  • The average score is 11 of 20
Answers on the Grid
Answers color-coded by a green-red scale on the quiz's grid according to % correct below.
Toronto
Montreal
Vancouver
Halifax
Winnipeg
Edmonton
Saskatoon
Kitchener
London
Brantford
Niagara Falls
Kingston
Quebec City
Moncton
Jasper
Churchill
Prince Rupert
Sarnia
Calgary
Regina
Victoria
St John's
Whitehorse
Yellowknife
Banff
Charlottetown
Moose Jaw
Timmins
Ottawa
Belleville
 
Answer Stats
Answer % Correct
Montreal
76%
Toronto
74%
Ottawa
69%
Halifax
63%
London
63%
Quebec City
63%
Churchill
54%
Edmonton
54%
Vancouver
54%
Winnipeg
54%
Kingston
50%
Niagara Falls
50%
Jasper
48%
Kitchener
48%
Moncton
46%
Saskatoon
43%
Prince Rupert
39%
Sarnia
39%
Belleville
33%
Brantford
33%
No matching quizzes found
Score Distribution
Percent of People with Each Score
Percentile by Number Answered
Your Score History
You have not taken this quiz